000 01018na a2200325 4500
001 15006
003 MIRAKIL
005 20181213155024.0
008 161020b tu 000 0
020 _a9789757105589
035 _a15006
040 _aMilas
_btur
_cTR-AnCHP
041 _atur
082 _a922.97 Ömer M.
_bA66ç 2005
090 _a922.97 Ömer M. A66ç 2005
100 _aArpaçukuru, Osman
245 _aÇağa iz bırakan müslüman önderler
_bÖmer Muhtar
_cBurhan Bozgeyik
246 _aÖmer Muhtar
260 _aİstanbul
_bİlke Yayıncılık
_c2005
300 _a173 s.
_c19 sm.
490 _aÇağa iz bırakan müslüman önderler
_v6
490 _aİlke Yayıncılık
_v73
500 _aÖzgün yapıt adı: Ömer Muhtar
504 _aKaynakça var.
600 _aÖmer Muhtar
_d1862 - 1931
_xDireniş
600 _aÖmer Muhtar
_d1862 - 1931
_xYaşamöyküsü
650 _aSiyasal İslam
_xÖnderler
650 _aMüslüman önderler
_xYaşamöyküsü
942 _2ddc
_cBKS
999 _c5000
_d5000